[Event "Corus"]
[Site "Wijk aan Zee"]
[Date "2001.01.26"]
[Round "11"]
[White "Ivanchuk, Vassily"]
[Black "Shirov, Alexei"]
[Result "1-0"]
[WhiteElo "2717"]
[BlackElo "2718"]
[Annotator "Ftacnik,L"]
[PlyCount "81"]
[EventDate "2001.01.13"]
[EventType "tourn"]
[EventRounds "13"]
[EventCountry "NED"]
[EventCategory "19"]
[SourceTitle "CBM 081"]
[Source "ChessBase"]
[SourceDate "2001.03.20"]
[SourceVersion "1"]
[SourceVersionDate "2001.03.20"]
[SourceQuality "1"]

1. e4 c5 2. Nf3 d6 3. d4 cxd4 4. Nxd4 Nf6 5. Nc3 a6 6. Be3 Ng4 7. Bg5 h6 8. Bh4
g5 9. Bg3 Bg7 10. h3 Nf6 11. Bc4 Qb6 12. O-O Nxe4 $6 13. Nxe4 Qxd4 (13... Bxd4
14. Qh5 $36 Qxb2 15. Rae1 Kd8 16. Re2 Qb4 17. Qxf7 $40) 14. Nxd6+ $1 {[%mdl 64]
Surprising twist in a tale, black is suffering due to his neglected
development.} exd6 15. Qe2+ Be6 (15... Be5 16. Rad1 Qc5 17. Rd5 Qc7 18. Rxe5+
dxe5 19. Bxe5 Qe7 20. Bxh8 $18) (15... Kf8 16. Rad1 Qf6 (16... Qxb2 17. Rfe1
Kg8 18. Qe8+ Kh7 19. Qxf7 $18) 17. Rxd6 Qe7 18. Qd2 (18. Qf3 Kg8 19. Bxf7+ Qxf7
20. Rd8+ Bf8 21. Rxc8 Qxf3 22. gxf3 Kh7 23. Bxb8 $16) 18... Nd7 19. Re1 Be5 20.
Qd5 $18) 16. Bxe6 O-O (16... fxe6 17. Qxe6+ Kd8 18. Rad1 Re8 19. Qg6 $18) 17.
Rad1 Qf6 (17... Qxb2 18. Bd5 Nc6 19. Bxd6 $16) 18. Bd5 Nc6 19. c3 {White
enjoys eneormous advantage due to excellent bishops and better pawn structure.}
(19. Bxd6 Rfd8 20. Bxc6 bxc6 21. Ba3 $16) 19... Rad8 20. Rfe1 Qg6 (20... Rfe8
21. Qxe8+ Rxe8 22. Rxe8+ Bf8 23. Bxc6 bxc6 24. Bxd6 $18) 21. a4 (21. Bxc6 bxc6
22. Qxa6 $16) 21... Kh7 (21... a5 22. Qb5 $18) 22. Bxc6 bxc6 23. Qxa6 d5 24. a5
f5 (24... Ra8 25. Qb6 $16) 25. Be5 {Creating anything real out of kingside
attack is hampered by the white's dangerous a pawn.} Ra8 (25... g4 26. hxg4
fxg4 27. Qd3 $18) 26. Qb6 Rf7 27. b4 f4 (27... g4 28. hxg4 fxg4 29. Bxg7 Rxg7
30. Qe3 $18) 28. f3 h5 29. Qf2 Bh6 (29... g4 30. fxg4 hxg4 31. Qh4+ $18) 30.
Bd4 g4 31. hxg4 hxg4 32. fxg4 f3 (32... Qxg4 33. Qf3 $18) 33. gxf3 Raf8 34. Kg2
$1 Rxf3 (34... Bg7 35. Qe3 $18) 35. Qxf3 Rxf3 36. Kxf3 Qc2 (36... Qf7+ 37. Kg2
Qf4 38. Rd3 Qxg4+ 39. Rg3 $18) 37. a6 Qh2 38. Be5 Qa2 (38... Qh3+ 39. Bg3 $18)
39. Ra1 Qc2 40. a7 Qd3+ 41. Kf2 (41. Kf2 Qd2+ 42. Re2 Be3+ 43. Kf1 $18) 1-0

[Event "Corus"]
[Site "Wijk aan Zee"]
[Date "2001.01.18"]
[Round "5"]
[White "Tiviakov, Sergei"]
[Black "Morozevich, Alexander"]
[Result "0-1"]
[WhiteElo "2597"]
[BlackElo "2745"]
[Annotator "Ftacnik,L"]
[PlyCount "110"]
[EventDate "2001.01.13"]
[EventType "tourn"]
[EventRounds "13"]
[EventCountry "NED"]
[EventCategory "19"]
[SourceTitle "CBM 081"]
[Source "ChessBase"]
[SourceDate "2001.03.20"]
[SourceVersion "1"]
[SourceVersionDate "2001.03.20"]
[SourceQuality "1"]

1. e4 c5 2. Nf3 d6 3. d4 Nf6 4. Nc3 cxd4 5. Nxd4 a6 6. Be3 e5 7. Nb3 Be6 8. f3
Be7 9. Qd2 O-O 10. O-O-O Nbd7 11. g4 Qc7 12. Kb1 Rfc8 13. g5 Nh5 14. Nd5 Bxd5
15. exd5 Nb6 16. Na5 Nf4 17. Bxf4 exf4 18. Bh3 Re8 19. Qxf4 Bf8 20. Rd2 Re5 $1
21. Rhd1 Rae8 22. Qh4 g6 23. Bf1 (23. f4 Re3 24. c3 Bg7 $44) 23... Rf5 24. Rd3
(24. f4 Re4 25. Qg3 Rfxf4 26. h3 Bg7 $40) 24... Bg7 {[%mdl 2048] Black is
playing without pawn, but all his pieces are excellent.} 25. Nb3 (25. Bh3 Re2
26. c3 Rxd5 $1 27. Rxd5 $140 Nxd5 28. Rxd5 Rxb2+ $1 $44) 25... Nc4 26. c3 b5
27. Re1 (27. f4 Qe7 $1 28. Nd2 (28. Rh3 Ne3 29. Qxh7+ Kf8 $17) (28. Bh3 Qe2 $19
) 28... Nxd2+ 29. R1xd2 Qe4 $15) 27... Rb8 28. Re4 (28. f4 b4 $1 29. Bh3 (29.
cxb4 Bxb2 30. Rh3 Bg7 $15) 29... Nxb2 30. Kxb2 (30. Rde3 Nc4 $13) 30... Bxc3+
31. Kb1 Bxe1 32. Qxe1 Rxf4 $15) 28... a5 29. Nd2 $6 {After this modest move
black's chances are immediatelly better.} (29. Bh3 Re5 30. Rxe5 Nxe5 31. Re3
$14) (29. f4 $5 a4 30. Nd4 Rxd5 31. Qe1 $14) 29... Nxd2+ 30. Rxd2 Rxf3 31. Qe1
b4 32. cxb4 (32. Re8+ Rxe8 33. Qxe8+ Bf8 $15) 32... axb4 33. Re8+ (33. Bg2 Rf5
34. h4 Re5 $15) 33... Rxe8 34. Qxe8+ Bf8 35. Be2 (35. Bg2 Rf5 $15) 35... b3 $5
36. axb3 (36. Bxf3 $1 bxa2+ (36... Qa5 37. Rd1 Qxa2+ 38. Kc1 Qa1+ 39. Kd2 Qxb2+
40. Ke3 Qxh2 41. Rc1 $18) 37. Ka1 Qc1+ 38. Kxa2 Qxd2 39. h4 Qf2 40. Qe4 h6 41.
gxh6 Bxh6 42. h5 $11) 36... Rxb3 37. Rc2 Qb6 38. Bd1 Re3 39. Qa8 Rb3 40. Ka2 (
40. Rc8 $2 Rxb2+ 41. Kc1 Rb1+ 42. Kc2 Qb3+ $19) 40... Rb5 41. Kb1 Ra5 42. Qe8
Qg1 $1 {Finally the activity of black's pieces will bear real fruits, white is
lost.} 43. Rc1 (43. Rd2 Qxg5 $19) 43... Qxg5 44. Bf3 (44. Rc8 Qf5+ 45. Kc1 Ra1+
46. Kd2 Qxd5+ 47. Kc3 Qe5+ 48. Qxe5 dxe5 $19) 44... Ra1+ 45. Kxa1 Qxc1+ 46. Ka2
Qc4+ 47. b3 $8 (47. Kb1 Qf1+ $19) 47... Qc2+ 48. Ka3 Qxh2 49. b4 Qe5 50. Qxe5 (
50. Qa4 Qa1+ 51. Kb3 Qf1 $19) 50... dxe5 51. Ka4 f5 52. b5 e4 53. Bd1 Bd6 54.
b6 Kf7 55. Kb5 h5 (55... h5 56. Kc6 Ke7 57. Be2 f4 $19) 0-1

[Event "SCG-ch 1st"]
[Site "Kopaonik"]
[Date "2005.04.04"]
[Round "3"]
[White "Djukic, Nikola"]
[Black "Arsovic, Goran"]
[Result "1-0"]
[WhiteElo "2509"]
[BlackElo "2419"]
[Annotator "Ftacnik,L"]
[PlyCount "65"]
[EventDate "2005.04.02"]
[EventType "tourn"]
[EventRounds "13"]
[EventCountry "YUG"]
[EventCategory "11"]
[SourceTitle "CBM 107"]
[Source "ChessBase"]
[SourceDate "2005.08.01"]
[SourceVersion "1"]
[SourceVersionDate "2005.08.01"]
[SourceQuality "1"]

1. e4 c5 2. Nf3 d6 3. d4 cxd4 4. Nxd4 Nf6 5. Nc3 a6 6. Be3 e5 7. Nb3 Be6 8. f3
Be7 9. Qd2 O-O 10. O-O-O Nbd7 11. g4 b5 12. g5 b4 13. Ne2 Ne8 14. f4 a5 15. f5
a4 16. fxe6 axb3 17. exf7+ Rxf7 18. Kb1 bxc2+ 19. Qxc2 $146 {New move in a
well known position. Djukic decides to sacrifice g5 pawn, but at the same time
he avoids highly artificial move 19.Kxc2.} (19. Kxc2 Nb6 (19... Rxa2 20. Nc1
Qc7+ 21. Kb1 Ra8 22. Qd5 Rc8 23. Bd3 Qc6 24. Qxc6 Rxc6 25. Bb5 {1-0 Perunovic,
M-Fercec,N/Neum 2005/ (52)}) (19... Rf3 20. Nc1 Qc7+ 21. Kb1 Qc6 22. Bd3 Nc7
23. Rhf1 Rxf1 24. Rxf1 d5 25. exd5 Nxd5 26. Nb3 {1-0 Mastrovasilis,
D-Thorfinnsson,B/Warsaw 2005/ (32)}) 20. Nc1 d5 21. exd5 Nd6 22. Kb1 (22. h4
Nbc4 23. Bxc4 Nxc4 24. Qe2 Qc8 25. Kb1 Qf5+ 26. Ka1 Qe4 {0-1 Gross,D-Babula,V/
Austria 2005/ (32)}) 22... Rf3 23. h4 Na4 24. Qe2 Rg3 25. Bf2 Rc3 26. Qxe5 Nxb2
27. Bd4 {1-0 Topalov,V-Vallejo Pons,F/Linares 2005/ (32)}) 19... Bxg5 20. Bxg5
Qxg5 21. Ng3 Nb6 22. Qb3 (22. Bc4 Nxc4 23. Qxc4 Qe7 24. Rhf1 Qb7 $15) 22... d5
(22... Qe7 23. Bb5 Qc7 24. Nf5 d5 25. Rc1 Qa7 26. Rhg1 $14) 23. Qxb4 (23. exd5
Nd6 24. Qxb4 Qd8 $15) 23... Qd8 $2 {Arsovic returns with a queen to the basic
rank, it seems to be highly artificial decision.} (23... Qg6 $5 24. Bd3 d4 25.
Bc2 Qd6 26. Qxd6 Nxd6 27. Bb3 Ndc4 $17) 24. Bh3 (24. exd5 Nxd5 25. Qb3 Nec7 26.
Bc4 Rd7 27. Ne4 Rb8 28. Qg3 Qe7 $13) 24... Rf6 (24... Ra4 25. Qc3 Nc7 (25...
Qd6 26. exd5 Nxd5 27. Qc8 Kf8 28. Qe6 $16) 26. exd5 Nbxd5 27. Qxe5 Ra6 28. Rhe1
$14) 25. exd5 Ra4 (25... Nxd5 26. Qe4 Ra5 27. Qxe5 Rd6 28. Rde1 Ndf6 29. Qc3
Rda6 $13) 26. Qc3 (26. Qe1 Nc4 27. Be6+ Kh8 28. b3 Qb6 $13) 26... Qa8 27. Nh5
Rg6 28. a3 $6 {It seems, that daring 28.Qb3! would ideally combine attack and
defense.} (28. Be6+ Rxe6 29. dxe6 Rxa2 $13) (28. Qb3 $1 Nc4 29. Rhf1 Ned6 30.
Be6+ Rxe6 (30... Kh8 31. Qxa4 $18) 31. dxe6 $18) 28... Nc4 (28... Rh4 $5 29.
Bf5 Rxh5 30. Bxg6 hxg6 31. Qc6 Qd8 $11) 29. Be6+ Kh8 (29... Rxe6 30. dxe6 Qc6
31. Qc2 Rxa3 32. Rhg1 Ra8 33. Rg4 Qf3 34. Rxc4 Qxh5 35. Rd3 $18) 30. Rhf1 Ned6
31. Rd3 $2 {The game is marred by mistakes in complicated positions.} (31. Qf3
$1 h6 32. Qf8+ Qxf8 33. Rxf8+ Kh7 34. Bg8+ Kh8 35. Bf7+ $18) 31... Ne4 $2 (
31... e4 $1 32. Rg3 Nb5 $15) 32. Qc2 Rg5 (32... h6 33. Ka2 $18) 33. Qxa4 $1 1-0

[Event "Corus-B"]
[Site "Wijk aan Zee"]
[Date "2006.01.16"]
[Round "3"]
[White "Almasi, Zoltan"]
[Black "Smeets, Jan"]
[Result "1-0"]
[WhiteElo "2646"]
[BlackElo "2550"]
[Annotator "Ftacnik,L"]
[PlyCount "81"]
[EventDate "2006.01.14"]
[EventType "tourn"]
[EventRounds "13"]
[EventCountry "NED"]
[EventCategory "15"]
[SourceTitle "CBM 111"]
[Source "ChessBase"]
[SourceDate "2006.04.04"]
[SourceVersion "1"]
[SourceVersionDate "2006.04.04"]
[SourceQuality "1"]

1. e4 c5 2. Nf3 d6 3. d4 cxd4 4. Nxd4 Nf6 5. Nc3 a6 6. f3 e5 7. Nb3 Be6 8. Be3
Be7 9. Qd2 O-O 10. O-O-O Nbd7 11. g4 Qc7 12. Kb1 b5 13. g5 Nh5 14. f4 exf4 15.
Bxf4 Ne5 (15... Nxf4 16. Qxf4 Ne5 (16... Rac8 17. Nd4 Nb6 18. Bg2 Na4 19. Nd5
Bxd5 20. exd5 Nxb2 21. Kxb2 Qc3+ 22. Kb1 Qb4+ 23. Kc1 Qa3+ 24. Kb1 Qb4+ 25. Kc1
Qa3+ 26. Kb1 {1/2-1/2 Bogner,S (2361)-Areshchenko,A (2625)/Aarhus 2005/}) 17.
Nd4 Qc5 18. h4 b4 19. Nd5 Bxd5 20. exd5 a5 21. Bg2 Rfc8 22. Nc6 Bf8 23. h5 g6
24. hxg6 hxg6 25. Rh3 Bg7 26. Rdh1 Rc7 27. Qf6 {1-0 Svidler,P (2735)-Bu
Xiangzhi (2615)/ICC INT 2004/}) 16. Nd4 Rfe8 $2 {It is most illogical to leave
the 14.f4 unpunioshed at least with the exchange of the valuable bishop for
the black knight.} (16... Nxf4 17. Qxf4 Rac8 18. Nd5 (18. h4 Qa5 $13) 18...
Bxd5 19. exd5 Qc5 $11) 17. Be3 $1 g6 (17... Nc4 18. Bxc4 Qxc4 (18... Bxc4 19.
Nd5 Qb7 20. Qg2 $16) 19. b3 Qc7 20. Nd5 Bxd5 21. exd5 Bf8 22. Rde1 $16) 18. Nd5
Bxd5 (18... Qb7 19. Nxe6 fxe6 20. Nxe7+ Qxe7 21. Be2 Rad8 22. Bxh5 gxh5 23. Qe2
$16) 19. exd5 Bf8 (19... Rac8 20. Bh3 Nc4 21. Qf2 Nxe3 22. Qxe3 Ra8 23. Rhf1
Bf6 24. Ne6 Bd8 25. Nxc7 Rxe3 26. Nxa8 Rxh3 27. Rf2 $16) 20. Nc6 $5 {The
consequences are dire for black as white knight on c6 is constraining his play.
} (20. Be2 Ng7 21. Rhe1 $16) 20... Ng7 (20... Bg7 21. Be2 Nxc6 22. dxc6 Qxc6
23. Rhf1 d5 24. Bf3 Rad8 25. Bg1 Qc7 26. Bxd5 Rd7 $14) (20... Nxc6 21. dxc6
Qxc6 22. Bg2 $16) 21. Bf4 Nf5 (21... Nxc6 22. dxc6 Rad8 23. Bg2 $16) 22. Bh3 (
22. h4 $5 Rac8 23. Bxe5 dxe5 24. Bh3 $16) 22... Nc4 (22... Nxc6 23. dxc6 Re4
24. Rhf1 Qxc6 25. Bg2 d5 26. Qxd5 Qxd5 27. Rxd5 $16) 23. Qd3 Ne7 (23... Bg7 24.
Bc1 Ne7 25. Bg2 Ne5 26. Nxe5 Bxe5 27. Rhf1 $16) 24. Bg2 Nb6 (24... Bg7 $5) 25.
h4 Rac8 26. Nxe7+ $6 {Almasi is not consequent, much more unplesant was
opening of the kingside with an immediate 26.h5!} (26. h5 $1 Nbxd5 27. hxg6
hxg6 (27... Nxf4 28. gxf7+ Kxf7 29. Qxh7+ Bg7 30. Rhf1 d5 31. Bxd5+ Nexd5 32.
Rxd5 Re1+ 33. Rxe1 Nxd5 34. Qf5+ $18) 28. Qh3 Bg7 29. Bxd5 Nxd5 30. Rxd5 Qxc6
31. Qh7+ Kf8 32. Bxd6+ $18) 26... Rxe7 27. h5 Bg7 28. hxg6 hxg6 (28... fxg6 $2
29. Bh3 $18) 29. Rde1 Na4 30. Bc1 (30. Rxe7 Qxe7 31. Bc1 Qe5 32. Qh3 Rc4 33.
Qd7 $14) 30... Rxe1 31. Rxe1 b4 (31... Qc4 32. Qxc4 bxc4 33. c3 $16) 32. Bh3
Rb8 33. Ka1 (33. Qxa6 $2 Nc3+ 34. Ka1 Qc5 35. Qc6 Qa5 $19) 33... a5 34. Re2 (
34. Bg2 Nb6 35. Re4 $16) 34... Qb6 35. Re1 Qc5 36. Rd1 (36. Bd7 Nb6 37. Bc6 Qc4
38. Re7 (38. Qb3 Be5 39. Rh1 Qxb3 40. cxb3 Kg7 41. Be3 Nc8 42. Kb1 Ne7 $13)
38... Qxd3 39. cxd3 f6 40. Kb1 $16) 36... Re8 $2 (36... Qc7 37. Rh1 Nc5 38. Qf3
$14) 37. Bd7 Re3 38. Qxe3 $2 {[%mdl 8192] In time trouble both players have
miscalculated and misjudged the complications and the consequence is an
amusing comedy of errors.} (38. Bxe3 Bxb2+ 39. Kb1 Nc3+ 40. Kxb2 Nxd1+ 41. Qxd1
Qxe3 42. Qc1 Qe5+ 43. Kb1 $16) (38. Qb5 $1 Qxb5 39. Bxb5 Nxb2 40. Bxb2 Rg3 41.
Bc6 $16) 38... Bxb2+ $2 (38... Qxe3 39. Bxe3 Bxb2+ 40. Kb1 Nc3+ 41. Kxb2 Nxd1+
42. Kb3 Nxe3 43. Ka4 f5 44. gxf6 Kf7 45. Kxa5 Nxc2 $17) 39. Bxb2 Qxe3 40. Bf6
$1 {Only now Smeets realized that his king is only one step from beeing mated.}
Qf3 (40... Qe4 41. Bxa4 $18) 41. Re1 (41. Re1 Kh7 42. Bxa4 $18) 1-0

[Event "Olympiad-36"]
[Site "Mallorca"]
[Date "2004.10.22"]
[Round "7"]
[White "Parligras, Mircea Emilian"]
[Black "Acs, Peter"]
[Result "0-1"]
[WhiteElo "2559"]
[BlackElo "2521"]
[Annotator "Ftacnik,L"]
[PlyCount "84"]
[EventDate "2004.10.15"]
[EventType "team-swiss"]
[EventRounds "14"]
[EventCountry "ESP"]
[SourceTitle "CBM 104"]
[Source "ChessBase"]
[SourceDate "2005.01.27"]
[SourceVersion "1"]
[SourceVersionDate "2005.01.27"]
[SourceQuality "1"]
[WhiteTeam "Romania"]
[BlackTeam "Hungary"]
[WhiteTeamCountry "ROU"]
[BlackTeamCountry "HUN"]

1. e4 c5 2. Nf3 d6 3. d4 cxd4 4. Nxd4 Nf6 5. Nc3 a6 6. f3 e5 7. Nb3 Be6 8. Be3
Nbd7 9. g4 Nb6 10. g5 Nh5 11. Qd2 Be7 12. O-O-O O-O 13. Kb1 Rc8 14. Rg1 Qc7 15.
Qf2 Bd8 16. h4 g6 17. f4 {The plan to counter Bd8 with advance of f pawn is
quite recent, White is getting rid of knight on h5.} Nxf4 18. Bxf4 exf4 19.
Qxf4 Na4 20. Rg3 Nxc3+ 21. Rxc3 Qe7 22. Rf3 (22. Rxc8 Bxc8 23. Bc4 Kg7 24. Qe3
f6 25. gxf6+ Qxf6 26. Bd5 Qe5 27. Rh1 Rf4 28. h5 $16 {0-1 Karjakin,S-Naiditsch,
A/Dortmund 2004/ (49)}) 22... Bc7 (22... f6 23. Nd4 Bd7 24. gxf6 Rxf6 25. Qe3
$14) 23. Nd4 Bd7 (23... d5 24. e5 $1 Bd7 25. Re1 $16) 24. Re3 Rfe8 {Acs could
probably have equalised with centralisation of the queen.} (24... Qe5 $1 25.
Qg3 Bb6 26. c3 f6 $11) 25. h5 (25. Qf3 d5 26. Bd3 Qe5 27. c3 Qf4 $13) 25... d5
$1 26. Qh4 dxe4 $6 (26... Bd8 27. hxg6 (27. Nf3 dxe4 28. hxg6 fxg6 $15) 27...
fxg6 28. Bg2 Qxg5 29. Qf2 $13) 27. Bc4 $6 (27. hxg6 fxg6 (27... hxg6 28. Bg2
Qd6 29. Rxe4 Rxe4 30. Qxe4 $16) 28. Bc4+ Kh8 29. Bd5 Bd8 30. Rxe4 Qxg5 31.
Rxe8+ Bxe8 32. Qh3 $16) 27... Bg3 $1 {Small comedy of errors enabled Black to
uncork a nice shot.} (27... Bf5 28. hxg6 Bxg6 29. Bd5 Rcd8 30. c4 $13) 28.
Bxf7+ (28. Qxg3 Rxc4 29. c3 Rc5 $11) 28... Qxf7 29. Rxg3 e3 30. Rf3 (30. hxg6
Qxg6 $1 (30... hxg6 31. Rf3 e2 32. Rh1 Qg7 33. Re1 $16) 31. Qh1 $13) 30... e2
$1 31. Re1 Qd5 32. hxg6 hxg6 33. Rf6 $2 {[%mdl 64] Extremely tempting, but
most probably wrong move. White should have had taken care about the dangerous
e2 pawn, he lashes into attack instead.} (33. Rd3 Qe4 34. Qxe4 Rxe4 35. Rxe2
Rg4 36. c3 Rxg5 37. Re7 Rd5 $11) (33. Rf2 Rc4 (33... Re4 34. Qh6 Qxd4 35. Qxg6+
Kh8 36. Qh5+ Kg8 37. Qf7+ Kh8 38. Rfxe2 Rh4 39. Re7 Rg8 40. Rxd7 $18) 34. c3
Bf5+ 35. Rxf5 Rxd4 $11) 33... Bf5 34. Qf4 (34. Rxf5 gxf5 35. g6 Rc7 36. Qf2
Rxc2 $3 37. Kxc2 (37. Nxc2 Qd1+ 38. Rxd1 exd1=Q#) 37... Qc4+ 38. Kd2 Rd8 $19) (
34. Nxf5 $2 Qd1+ $19) (34. Qf2 Bxc2+ 35. Ka1 Qxg5 $19) 34... Re4 $1 35. Nxf5 (
35. Qd6 Qxd4 36. Rxg6+ Bxg6 37. Qxg6+ Kf8 38. Qh6+ Ke7 $19) 35... gxf5 (35...
Rxf4 $2 36. Ne7+ Kg7 37. Nxd5 Rd4 38. Ne3 Re8 39. c3 $18) 36. Qc1 (36. Qf3 Rxc2
$1 37. Kxc2 Rc4+ 38. Qc3 Rxc3+ 39. bxc3 Qxa2+ 40. Kd3 Qd5+ 41. Kxe2 Qg2+ $19)
36... Rd4 $1 {In the end Black is riding the horse since White has no excuse
against the threat of Rd1.} 37. Rg6+ Kf7 38. Rf6+ Kg7 39. Rxe2 Rd1 40. Re7+ Kg8
41. Rg6+ Kf8 $19 42. Rh7 Qd2 (42... Qd2 43. Rh8+ Kf7 44. Rf6+ Kg7 $19) 0-1

[Event "Bundesliga 0405"]
[Site "Germany"]
[Date "2004.11.27"]
[Round "3.1"]
[White "Lutz, Christopher"]
[Black "Kempinski, Robert"]
[Result "1-0"]
[WhiteElo "2596"]
[BlackElo "2608"]
[Annotator "Ftacnik,L"]
[PlyCount "57"]
[EventDate "2004.11.12"]
[EventType "team-tourn"]
[EventRounds "15"]
[EventCountry "GER"]
[SourceTitle "CBM 105"]
[Source "ChessBase"]
[SourceDate "2005.04.11"]
[SourceVersion "1"]
[SourceVersionDate "2005.04.11"]
[SourceQuality "1"]
[WhiteTeam "Porz"]
[BlackTeam "Hamburger SK"]
[WhiteTeamCountry "GER"]
[BlackTeamCountry "GER"]

1. e4 c5 2. Nf3 d6 3. d4 cxd4 4. Nxd4 Nf6 5. Nc3 a6 6. Be3 Ng4 7. Bg5 h6 8. Bh4
g5 9. Bg3 Bg7 10. h3 Nf6 11. Be2 Qb6 12. Nb3 Be6 13. Qd2 a5 $6 {The whole
concept of creating counterplay with advance of the a pawn seems a bit
misplaced here, white will get plenty of time to get a grip on the center.} (
13... Nbd7 14. f3 Rc8 15. Bf2 Qc7 16. Nd4 Ne5 17. Nd1 Bc4 18. Nf5 Bf8 19. Nde3
Bxe2 20. Qxe2 e6 21. Nd4 Bg7 22. O-O-O Nc4 23. Nxc4 Qxc4 24. Qxc4 Rxc4 25. Nb3
Ke7 {1/2-1/2 Dobrov,V-Ruck,R/Oberwart 2001/}) 14. f3 Nc6 (14... a4 15. Bf2 Qb4
16. a3 axb3 17. axb4 Rxa1+ 18. Nd1 bxc2 19. Qxc2 O-O 20. Qc7 $16) 15. Bf2 Qc7
16. Nd4 Nh5 (16... Nxd4 17. Bxd4 O-O 18. g4 $1 (18. h4 g4 $14) 18... Nd7 19.
Bxg7 Kxg7 20. h4 $16) 17. Ndb5 (17. Nxe6 $5 fxe6 18. g3 Nf6 19. h4 g4 20. fxg4
Ne5 21. g5 hxg5 22. Bd4 $16) (17. Nd5 Bxd5 18. Nb5 Qc8 19. exd5 Ne5 20. Bb6 O-O
21. Nc7 Nd7 $1 $11) 17... Qd8 18. g3 $1 {A bad sign for Kempinski, white has
enough time to try for maximalist plan with f3-f4 advance undermining black's
g5 pawn.} (18. Nd5 Bxd5 19. exd5 Ne5 20. O-O-O $14) 18... a4 (18... Rc8 19.
O-O-O Nf6 20. Nd4 Nxd4 21. Bxd4 O-O $14) 19. f4 Nf6 20. O-O-O a3 (20... Nb4 21.
a3 Na2+ 22. Kb1 Nxc3+ 23. Nxc3 gxf4 24. gxf4 $16) 21. b3 (21. Nxa3 gxf4 22.
gxf4 Qa5 23. Nc4 Bxc4 24. Bxc4 $16) 21... Qa5 22. Kb1 Nb4 (22... Rc8 23. fxg5
Nd7 24. gxh6 Bxh6 25. Qe1 $16) 23. Bd4 (23. fxg5 hxg5 24. Qxg5 Kf8 25. g4 Rc8
26. Qe3 $16) 23... Rc8 24. Qe3 (24. fxg5 hxg5 25. Qxg5 Kf8 26. Qe3 $16) 24...
O-O 25. fxg5 hxg5 26. h4 $5 {Lutz is playing for mate and win of a single pawn
is uncomparable with a noble goal.} (26. Qxg5 Rfd8 27. Rdf1 $18) 26... Nc6 (
26... g4 27. h5 Nh7 28. Bxg7 Kxg7 29. e5 $18) 27. hxg5 (27. Bb6 Qa8 28. Nd5 $18
) 27... Nxd4 $6 (27... Ng4 28. Bxg4 Bxg4 (28... Bxd4 29. Qd2 Bxg4 30. Qh2 Rfd8
31. Rxd4 $18) 29. Rd3 Nxd4 30. Nxd4 Be6 31. g4 $16) 28. gxf6 Nxb5 (28... Bxf6
29. Rxd4 Bxd4 30. Qh6 Rfd8 31. Nxd4 $18) 29. Rh8+ $1 {[%mdl 64] Brilliant
final shot, white just needs a tempo and black king will be finished.} (29.
Rh8+ $1 Kxh8 (29... Bxh8 30. Qg5+ Kh7 31. Rh1+) 30. fxg7+ Kg8 31. Qh6 Nxc3+ 32.
Ka1 f6 33. gxf8=Q+ Rxf8 34. Qg6+ Kh8 35. Rh1+ $18) 1-0